000 00676nam a2200193 a 4500
001 000912722
003 AM-YeHGA
005 20250618074124.0
008 120911s2012 ai r 000 0 arm d
040 _aAM-YeHGA
041 0 _aarm
245 0 0 _aԲառացանկ (բառարան) :
_bՍալմաստի բարբառ /
_cԿազմ.՝ Ռուբիկ Օհանեան.
260 _aԹավրիզ :
_bԱ.հ.,
_c2012.
300 _a174 էջ. :
_bլուսանկ. ;
_c21 սմ.
650 1 4 _aՀայոց լեզու
_vԲառարան
_94460
650 1 4 _aՀայոց լեզու
_xԲարբառագիտություն
700 1 _aՕհանեան, Ռուբիկ
_eկազմ.
_4com
090 _c316786
999 _c315065
_d315065